| 000 | 01630cam a22004574i 4500 | ||
|---|---|---|---|
| 003 | PE-LiUPU | ||
| 005 | 20250731173003.0 | ||
| 008 | 150623s1998 sp rb 000 0 spa d | ||
| 020 | _a0664256899 | ||
| 035 | _a(Sirsi) i9780664256890 | ||
| 040 |
_aPE-LiUPU _bspa _cPE-LiUPU _erda |
||
| 049 | _aPRUA | ||
| 082 | 0 | 4 |
_a224.06 _bG77 _221 |
| 100 | 1 |
_aGowan, Donald E., _eautor. |
|
| 245 | 1 | 0 |
_aTheology of the prophetic books : _bthe death and resurrection of Israel / _cDonald. E. Gowan. |
| 264 | 1 |
_aLouisville, Kentucky : _bWestminster John Knox Press, _c1998. |
|
| 300 |
_a250 páginas ; _c23 centímetros |
||
| 336 |
_atext _2rdacontent |
||
| 337 |
_aunmediated _2rdamedia |
||
| 338 |
_avolume _2rdacarrier |
||
| 504 | _aIncluye bibliografía. | ||
| 505 | 0 | _aDeath: 722 and 587 b.c.e. -Resurrection: 538 b.c.e. and the postexilie period. -Tables. | |
| 526 | _aSEG42 | ||
| 526 | _aSEG41 | ||
| 526 | _aSEG40 | ||
| 526 | _aSEG39 | ||
| 526 | _aP94 | ||
| 526 | _aP87 | ||
| 526 | _aP86 | ||
| 526 | _aP85 | ||
| 526 | _aP77 | ||
| 526 | _aP76 | ||
| 526 | _aP35 | ||
| 630 |
_aBiblia. _pA.T. _pLibros proféticos _xCrítica, interpretación, etc. |
||
| 942 |
_2ddc _cBOOK |
||
| 949 |
_a224.06 G77 _wDEWEY _c1 _i45583 _lCCODEBUL1 _mBUL _r0 _sY _tBOOK _u2015-6-24 _xTEOLOGIA _PP35 _0COMPRA _o.STAFF. Colección Teología |
||
| 994 |
_aC0 _bPEPRU |
||
| 596 | _a1 | ||
| 999 |
_a224.06 G77 _wDEWEY _c22451 _i45583 _d22451 _e2017-6-4 _f2021-11-11 _g5 _lCCODEBUL1 _mBUL _n2 _p25.00 _q1 _r0 _sY _tBOOK _u2015-6-24 _xTEOLOGIA _PP35 _0COMPRA _o.STAFF. Colección Teología |
||
| 980 |
_81 _gALBERTO SANCHEZ Responsable de Automatización |
||